<?xml version="1.0" encoding="UTF-8"?>
<record
    xmlns:xsi="http://www.w3.org/2001/XMLSchema-instance"
    xsi:schemaLocation="http://www.loc.gov/MARC21/slim http://www.loc.gov/standards/marcxml/schema/MARC21slim.xsd"
    xmlns="http://www.loc.gov/MARC21/slim">

  <leader>01327nkc a2200265za 4500</leader>
  <controlfield tag="001">84434</controlfield>
  <controlfield tag="003">OSt</controlfield>
  <controlfield tag="005">20260420150908.0</controlfield>
  <controlfield tag="007">kh boc</controlfield>
  <controlfield tag="008">250409s18801960sp ||||| |||| 00| i|spa d</controlfield>
  <datafield tag="040" ind1=" " ind2=" ">
    <subfield code="c">M-RABA</subfield>
    <subfield code="a">M-RABA</subfield>
    <subfield code="b">spa</subfield>
  </datafield>
  <datafield tag="245" ind1="0" ind2=" ">
    <subfield code="a">[Trascoro de la Catedral de &#xC1;vila]</subfield>
    <subfield code="h">[Material gr&#xE1;fico]</subfield>
  </datafield>
  <datafield tag="260" ind1=" " ind2=" ">
    <subfield code="c">[ca. 1880 - 1960]</subfield>
  </datafield>
  <datafield tag="300" ind1=" " ind2=" ">
    <subfield code="a">2 fotograf&#xED;as</subfield>
    <subfield code="b">: gelatina de plata</subfield>
    <subfield code="c">; imagen 24,7 x 18 cm</subfield>
    <subfield code="c">; soporte secundario 26,2 x 20 cm</subfield>
  </datafield>
  <datafield tag="500" ind1=" " ind2=" ">
    <subfield code="a">Conjunto de dos fotograf&#xED;as que muestran parte del trascoro renacentista de la Catedral de &#xC1;vila, realizado por los escultores Juan Rodr&#xED;guez y Lucas Giraldo.</subfield>
  </datafield>
  <datafield tag="500" ind1=" " ind2=" ">
    <subfield code="a">Al verso, ms. a l&#xE1;piz: &#x201C;Trascoro de la Catedral de &#xC1;vila. Clich&#xE9; del Dr. Hern&#xE1;ndez Brior&#x201D;</subfield>
  </datafield>
  <datafield tag="500" ind1=" " ind2=" ">
    <subfield code="a">Fechas tomadas del uso dominante de la t&#xE9;cnica.</subfield>
  </datafield>
  <datafield tag="610" ind1="2" ind2="7">
    <subfield code="a">Catedral de &#xC1;vila (Espa&#xF1;a)</subfield>
    <subfield code="9">37668</subfield>
  </datafield>
  <datafield tag="651" ind1=" " ind2="7">
    <subfield code="a">Avila</subfield>
    <subfield code="9">74747</subfield>
  </datafield>
  <datafield tag="655" ind1=" " ind2="0">
    <subfield code="a">Fotograf&#xED;as de monumentos</subfield>
    <subfield code="9">111580</subfield>
  </datafield>
  <datafield tag="852" ind1=" " ind2=" ">
    <subfield code="j">Fot-574 ; Fot-575</subfield>
  </datafield>
  <datafield tag="856" ind1=" " ind2=" ">
    <subfield code="3">Fot-574 </subfield>
    <subfield code="u">https://archivoybiblioteca.realacademiabellasartessanfernando.com/cgi-bin/koha/opac-retrieve-file.pl?id=799cb32b1b4cdf827eb6433e1ad4b326</subfield>
  </datafield>
  <datafield tag="856" ind1=" " ind2=" ">
    <subfield code="3">Fot-575</subfield>
    <subfield code="u">https://archivoybiblioteca.realacademiabellasartessanfernando.com/cgi-bin/koha/opac-retrieve-file.pl?id=052e0804dfbb1b81d1cb74b1004dcb4d</subfield>
  </datafield>
  <datafield tag="942" ind1=" " ind2=" ">
    <subfield code="2">ddc</subfield>
    <subfield code="c">FOTOGRAF&#xCD;A</subfield>
    <subfield code="n">0</subfield>
  </datafield>
  <datafield tag="952" ind1=" " ind2=" ">
    <subfield code="0">0</subfield>
    <subfield code="1">0</subfield>
    <subfield code="2">ddc</subfield>
    <subfield code="4">0</subfield>
    <subfield code="7">0</subfield>
    <subfield code="8">FOTOGRAFIA</subfield>
    <subfield code="a">RABASF</subfield>
    <subfield code="b">RABASF</subfield>
    <subfield code="c">DP2</subfield>
    <subfield code="d">2025-04-09</subfield>
    <subfield code="l">0</subfield>
    <subfield code="o">Fot-574</subfield>
    <subfield code="p">1095309</subfield>
    <subfield code="r">2025-04-09 10:05:14</subfield>
    <subfield code="w">2025-04-09</subfield>
    <subfield code="y">FOTOGRAF&#xCD;A</subfield>
  </datafield>
  <datafield tag="952" ind1=" " ind2=" ">
    <subfield code="0">0</subfield>
    <subfield code="1">0</subfield>
    <subfield code="2">ddc</subfield>
    <subfield code="4">0</subfield>
    <subfield code="7">0</subfield>
    <subfield code="8">FOTOGRAFIA</subfield>
    <subfield code="a">RABASF</subfield>
    <subfield code="b">RABASF</subfield>
    <subfield code="c">DP2</subfield>
    <subfield code="d">2026-04-20</subfield>
    <subfield code="l">0</subfield>
    <subfield code="o">Fot-575</subfield>
    <subfield code="p">1097010</subfield>
    <subfield code="r">2026-04-20 15:08:46</subfield>
    <subfield code="w">2026-04-20</subfield>
    <subfield code="y">FOTOGRAF&#xCD;A</subfield>
  </datafield>
  <datafield tag="999" ind1=" " ind2=" ">
    <subfield code="c">84434</subfield>
    <subfield code="d">84434</subfield>
  </datafield>
</record>
